000 00370nam a2200181Ia 4500
100 _aAbleson/Frank W/ Sen Robi
650 _aAndroid
250 _a3
942 _cBK
366 _f27
654 _aandroid
245 _aAndroid in action
260 _bDreamtech
_c2012
082 _a5.133
_bABL
300 _a632
546 _aENGLISH
_celectronics
999 _c20467
_d20467